000 00316nam a2200121Ia 4500
008 150201s2012 xx 000 0 und d
082 _a624.1821
_bSUB
100 _aSubramanian, N.
245 _aDesign of steel structures
260 _bOxford University Press
_aN.Delhi
_c2012
300 _a1211p.
942 _2ddc
_cBK
_06
999 _c5553
_d5553